<?xml version="1.0" encoding="UTF-8"?>
<record
    xmlns:xsi="http://www.w3.org/2001/XMLSchema-instance"
    xsi:schemaLocation="http://www.loc.gov/MARC21/slim http://www.loc.gov/standards/marcxml/schema/MARC21slim.xsd"
    xmlns="http://www.loc.gov/MARC21/slim">

  <leader>00338    a2200109   4500</leader>
  <controlfield tag="001">ART_11172</controlfield>
  <controlfield tag="005">20260410161655.0</controlfield>
  <controlfield tag="008">260409a                                 </controlfield>
  <datafield tag="245" ind1="1" ind2="0">
    <subfield code="a">Delegue en los innovadores que tiene a su alrededor</subfield>
  </datafield>
  <datafield tag="100" ind1="1" ind2=" ">
    <subfield code="a">Hamel, Gary</subfield>
  </datafield>
  <datafield tag="773" ind1="0" ind2=" ">
    <subfield code="t">Harvard Deusto Business Review</subfield>
    <subfield code="g">- N&#xBA; 104 (sep./oct. 2001)</subfield>
    <subfield code="w">REV521</subfield>
  </datafield>
  <datafield tag="999" ind1=" " ind2=" ">
    <subfield code="c">14609</subfield>
    <subfield code="d">14609</subfield>
  </datafield>
</record>
